书目信息 |
| 题名: |
重大工程组织间关系行为的驱动因素及其对项目绩效的影响研究
|
|
| 作者: | 郑弦 著 | |
| 分册: | ||
| 出版信息: | 北京 中国财政经济出版社 2019.12 |
|
| 页数: | 175页 | |
| 开本: | 26cm | |
| 丛书名: | 中南财经政法大学“双一流”建设文库 | |
| 单 册: | ||
| 中图分类: | F282 | |
| 科图分类: | ||
| 主题词: | 重大建设项目--zhong da jian she xiang mu--项目管理--研究--中国 | |
| 电子资源: | ||
| ISBN: | 978-7-5095-9400-1 | |
| 000 | 01357nam 2200289 450 | |
| 001 | 0100028511 | |
| 005 | 20211025120159.0 | |
| 010 | @a978-7-5095-9400-1@dCNY54.00 | |
| 100 | @a20200907d2019 em y0chiy50 ea | |
| 101 | 0 | @achi |
| 102 | @aCN@b110000 | |
| 105 | @aak a 000yy | |
| 106 | @ar | |
| 200 | 1 | @a重大工程组织间关系行为的驱动因素及其对项目绩效的影响研究@Azhong da gong cheng zu zhi jian guan xi xing wei de qu dong yin su ji qi dui xiang mu ji xiao de ying xiang yan jiu@f郑弦著 |
| 210 | @a北京@c中国财政经济出版社@d2019.12 | |
| 215 | @a175页@c图@d26cm | |
| 225 | 2 | @a中南财经政法大学“双一流”建设文库@Azhong nan cai jing zheng fa da xue “ shuang yi liu ” jian she wen ku@i创新治理系列 |
| 300 | @a本书由中央高校建设世界一流大学 (学科) 和特色发展引导专项资金资助 | |
| 314 | @a郑弦, 中南财经政法大学金融学院投资系讲师。 | |
| 320 | @a有书目 (第127-153页) | |
| 330 | @a本书基于组织行为学、社会心理学及项目治理理论对重大工程组织关系行为的驱动因素及影响机制开展了深入研究。内容包括: 国内外研究现状与理论基础 ; 研究设计与过程 ; 重大工程组织间关系行为的识别等。 | |
| 410 | 0 | @12001 @a中南财经政法大学“双一流”建设文库@i创新治理系列 |
| 606 | 0 | @a重大建设项目@Azhong da jian she xiang mu@x项目管理@x研究@y中国 |
| 690 | @aF282@v5 | |
| 701 | 0 | @a郑弦@Azheng xian@4著 |
| 801 | 0 | @aCN@c20210909 |
| 905 | @a河南城建学院图书馆@dF282@eZ453 | |
| 重大工程组织间关系行为的驱动因素及其对项目绩效的影响研究/郑弦著.-北京:中国财政经济出版社,2019.12 |
| 175页:图;26cm.-(中南财经政法大学“双一流”建设文库.创新治理系列) |
| 本书由中央高校建设世界一流大学 (学科) 和特色发展引导专项资金资助 |
| ISBN 978-7-5095-9400-1:CNY54.00 |
| 本书基于组织行为学、社会心理学及项目治理理论对重大工程组织关系行为的驱动因素及影响机制开展了深入研究。内容包括: 国内外研究现状与理论基础 ; 研究设计与过程 ; 重大工程组织间关系行为的识别等。 |
| ● |
| 相关链接 |
|
|
|
正题名:重大工程组织间关系行为的驱动因素及其对项
索取号:F282/Z453
 
预约/预借
| 序号 | 登录号 | 条形码 | 馆藏地/架位号 | 状态 | 备注 |
| 1 | 1545495 | 215454951 | 社科库409/409社科库 102排6列1层/ [索取号:F282/Z453] | 在馆 | |
| 2 | 1545496 | 215454960 | 社科库409/409社科库 102排6列1层/ [索取号:F282/Z453] | 在馆 |